[Event "Davos Challenge op"]
[Site "Davos"]
[Date "2022.06.03"]
[Round "1"]
[White "Hund, Barbara"]
[Black "Sidler, Raoul"]
[Result "1-0"]
[WhiteElo "2088"]
[BlackElo "1711"]
[PlyCount "69"]
[EventDate "2022.06.03"]
[EventType "swiss"]
[EventRounds "7"]
[EventCountry "SUI"]
[SourceTitle "EXT 2023"]
[Source "ChessBase"]
[SourceDate "2022.10.05"]
[SourceVersion "1"]
[SourceVersionDate "2022.10.05"]
[SourceQuality "1"]

1. e4 c5 2. Nc3 Nc6 3. f4 e6 4. Nf3 g6 5. d4 cxd4 6. Nxd4 Bg7 7. Ndb5 Bxc3+ 8. bxc3 d5 9. exd5 exd5 10. Qxd5 Nf6 11. Qxd8+ Kxd8 12. Be3 Bg4 13. Be2 Be6 14. Bf3 a6 15. Nd4 Nxd4 16. Bxd4 Ke7 17. Bxb7 Rab8 18. Bxa6 Rhd8 19. 0-0 Rb2 20. Bd3 Bxa2 21. Rxa2 Rxa2 22. Re1+ Kf8 23. Bxf6 Rc8 24. c4 Rc6 25. Be7+ Kg7 26. c5 Rc8 27. Bd6 Kf6 28. g4 Kg7 29. f5 Kh6 30. Kf2 g5 31. c6 Rb2 32. c7 Rb6 33. Bg3 Rc6 34. Re7 f6 35. Re6 1-0

[Event "BL2 Sued 2122 (Women)"]
[Site "Germany"]
[Date "2022.02.20"]
[Round "3.3"]
[White "Hund, Barbara"]
[Black "Juszczak, Anna"]
[Result "1-0"]
[WhiteElo "2095"]
[BlackElo "1984"]
[PlyCount "105"]
[EventDate "2021.11.27"]
[EventType "team-tourn"]
[EventRounds "7"]
[EventCountry "GER"]
[SourceTitle "EXT 2023"]
[Source "ChessBase"]
[SourceDate "2022.10.05"]
[SourceVersion "1"]
[SourceVersionDate "2022.10.05"]
[SourceQuality "1"]
[WhiteTeam "Freiburg Zaehringen (W)"]
[BlackTeam "Karlsruhe (W)"]
[WhiteTeamCountry "GER"]
[BlackTeamCountry "GER"]

1. e4 e6 2. d4 d5 3. Nc3 Nf6 4. e5 Nfd7 5. Nce2 c5 6. c3 Nc6 7. f4 cxd4 8. cxd4 Qa5+ 9. Bd2 Bb4 10. Nf3 Bxd2+ 11. Qxd2 Qxd2+ 12. Kxd2 b6 13. Nc3 a6 14. Rc1 Bb7 15. Bd3 g6 16. g4 h5 17. h3 Ne7 18. Ng5 Nf8 19. Na4 Bc6 20. b3 b5 21. Nc5 Nd7 22. f5 Nxc5 23. Rxc5 gxf5 24. gxf5 Rg8 25. h4 exf5 26. Be2 Rh8 27. e6 fxe6 28. Nxe6 Kf7 29. Nf4 Rac8 30. Bxh5+ Kf6 31. Bf3 Bb7 32. Rxc8 Rxc8 33. Rc1 Rd8 34. Rc7 Bc6 35. b4 Rd6 36. Ra7 Bd7 37. h5 Kg5 38. Nd3 Nc8 39. Ra8 Nb6 40. Rg8+ Kh6 41. Nf4 Bc6 42. Kd3 Kh7 43. Rg6 Rxg6 44. Nxg6 Nc8 45. Ke3 Kg7 46. Kf4 Kf6 47. Ne5 Bb7 48. Nd7+ Kg7 49. Nc5 Bc6 50. Kxf5 Kf7 51. h6 Ne7+ 52. Kg5 Be8 53. Bh5+ 1-0

[Event "Innsbruck op 5th"]
[Site "Innsbruck"]
[Date "2021.08.24"]
[Round "5"]
[White "Hund, Barbara"]
[Black "Schein, Karl Heinz"]
[Result "1/2-1/2"]
[WhiteElo "2092"]
[BlackElo "2193"]
[PlyCount "80"]
[EventDate "2021.08.21"]
[EventType "swiss"]
[EventRounds "9"]
[EventCountry "AUT"]
[SourceTitle "CBM 204 Extra"]
[Source "ChessBase"]
[SourceDate "2021.11.30"]
[SourceVersion "1"]
[SourceVersionDate "2021.11.30"]
[SourceQuality "1"]

1. e4 d6 2. d4 Nf6 3. Nc3 g6 4. Be3 Bg7 5. Qd2 c6 6. f3 Qa5 7. Nge2 Nbd7 8. Nc1 b5 9. Nb3 Qc7 10. a3 a6 11. Bh6 Bxh6 12. Qxh6 Bb7 13. Be2 c5 14. d5 0-0-0 15. Nd1 e6 16. a4 b4 17. dxe6 fxe6 18. c3 bxc3 19. bxc3 d5 20. Nd2 dxe4 21. Nxe4 Nxe4 22. fxe4 Ne5 23. 0-0 c4 24. Qe3 h5 25. Rb1 Ng4 26. Bxg4 hxg4 27. Qf4 Qc5+ 28. Nf2 Rdf8 29. Qxg4 Qe5 30. Qg3 Qxg3 31. hxg3 Rh7 32. Rfe1 Rd7 33. Rb4 Rc7 34. Ng4 Rd8 35. Ne5 Rc5 36. Rxc4 Rxc4 37. Nxc4 Rd3 38. Ne5 Rxg3 39. Kf2 Rxc3 40. Nxg6 Rc4 1/2-1/2

[Event "Innsbruck op 5th"]
[Site "Innsbruck"]
[Date "2021.08.22"]
[Round "2"]
[White "Kuhn, Clement"]
[Black "Hund, Barbara"]
[Result "1-0"]
[WhiteElo "2325"]
[BlackElo "2092"]
[PlyCount "65"]
[EventDate "2021.08.21"]
[EventType "swiss"]
[EventRounds "9"]
[EventCountry "AUT"]
[SourceTitle "CBM 204 Extra"]
[Source "ChessBase"]
[SourceDate "2021.11.30"]
[SourceVersion "1"]
[SourceVersionDate "2021.11.30"]
[SourceQuality "1"]

1. e4 e5 2. Nf3 Nc6 3. Bb5 a6 4. Ba4 Nf6 5. 0-0 Be7 6. Re1 b5 7. Bb3 0-0 8. d3 d6 9. c3 Na5 10. Bc2 c5 11. Nbd2 Qc7 12. Nf1 Nc6 13. Bg5 h6 14. Bh4 Be6 15. Ne3 Nh7 16. Nd5 Qd8 17. Nxe7+ Nxe7 18. d4 Bg4 19. dxe5 Bxf3 20. gxf3 g5 21. Bg3 dxe5 22. Bxe5 Ng6 23. Bg3 Nf6 24. e5 Nh5 25. Bxg6 fxg6 26. Qc2 Qe8 27. Rad1 Rxf3 28. Rd6 Rf5 29. Qe4 Kh7 30. e6 Ra7 31. e7 Nf6 32. Rd8 Qf7 33. Rf8 1-0

[Event "BL2 Sued 1819 (Women)"]
[Site "Germany"]
[Date "2018.10.28"]
[Round "2.1"]
[White "Horther Schneider, Elsbeth"]
[Black "Hund, Barbara"]
[Result "0-1"]
[WhiteElo "1864"]
[BlackElo "2123"]
[PlyCount "116"]
[EventDate "2018.10.27"]
[EventType "team-tourn"]
[EventRounds "7"]
[EventCountry "GER"]
[SourceTitle "CBM 190 Extra"]
[Source "ChessBase"]
[SourceDate "2019.07.15"]
[SourceVersion "1"]
[SourceVersionDate "2019.07.15"]
[SourceQuality "1"]
[WhiteTeam "Regensburg Bavaria (W)"]
[BlackTeam "Freiburg Zaehringen (W)"]
[WhiteTeamCountry "GER"]
[BlackTeamCountry "GER"]

1. e4 e5 2. Nf3 Nc6 3. d4 exd4 4. Nxd4 Nf6 5. Nxc6 bxc6 6. Bd3 d5 7. exd5 cxd5 8. Bb5+ Bd7 9. Qe2+ Be7 10. Bxd7+ Qxd7 11. 0-0 0-0 12. Bf4 Rfe8 13. Qd3 Rab8 14. Nd2 Bd6 15. Bxd6 Qxd6 16. b3 Qa3 17. Nb1 Qc5 18. Nc3 d4 19. Ne2 Rbd8 20. Ng3 Nd5 21. a3 Nc3 22. b4 Qe5 23. Qd2 g6 24. Rfe1 Qf6 25. Rxe8+ Rxe8 26. Re1 Rxe1+ 27. Qxe1 Qc6 28. h3 Nb5 29. Qe5 f6 30. Qe7 f5 31. Qd8+ Kf7 32. a4 Nd6 33. Qh8 h5 34. Qxd4 Qxc2 35. Qxa7 h4 36. Nf1 Ne4 37. Qd4 Qxa4 38. Ne3 Qc6 39. Qc4+ Qxc4 40. Nxc4 Ke6 41. b5 Nd6 42. b6 c5 43. Kf1 g5 44. Ke2 Kd7 45. Na5 Kc8 46. Ke3 Nb7 47. Nc4 Kd7 48. Ne5+ Ke6 49. Nc4 Kd5 50. Kd3 Kc6 51. g3 g4 52. Ne3 gxh3 53. Nf1 hxg3 54. fxg3 Nd6 55. Nh2 Kxb6 56. Nf1 Kb5 57. Kc3 Ne4+ 58. Kd3 Nf2+ 0-1

[Event "GER CupT Baden Seniors final"]
[Site "Karlsruhe"]
[Date "2018.06.30"]
[Round "4.1"]
[White "Weidemann, Joerg"]
[Black "Hund, Barbara"]
[Result "1-0"]
[WhiteElo "2280"]
[BlackElo "2131"]
[PlyCount "69"]
[EventDate "2018.06.24"]
[EventType "team-k.o."]
[EventRounds "4"]
[EventCountry "GER"]
[SourceTitle "EXT 2019"]
[Source "ChessBase"]
[SourceDate "2018.10.10"]
[SourceVersion "1"]
[SourceVersionDate "2018.10.10"]
[SourceQuality "1"]
[WhiteTeam "Emmendingen Seniors"]
[BlackTeam "Zaehringen Seniors"]
[WhiteTeamCountry "GER"]
[BlackTeamCountry "GER"]

1. e4 e5 2. Nc3 Nf6 3. g3 Bc5 4. Bg2 d6 5. Nge2 Nc6 6. 0-0 a6 7. Nd5 Bg4 8. h3 Bxe2 9. Qxe2 Nd4 10. Qd1 Nxd5 11. exd5 Qf6 12. Kh2 Qg6 13. d3 Nb5 14. c3 Na7 15. b4 Bb6 16. Bb2 0-0 17. c4 c5 18. a3 cxb4 19. axb4 Bd4 20. Bxd4 exd4 21. Qd2 h5 22. Rfe1 h4 23. Re7 hxg3+ 24. fxg3 Rae8 25. Rae1 Rxe7 26. Rxe7 Nc8 27. Rxb7 Re8 28. Qf2 f6 29. Qxd4 Ne7 30. c5 Nf5 31. Qg4 Qxg4 32. hxg4 Ne3 33. Bf3 Rc8 34. c6 g6 35. Rd7 1-0

[Event "Stockholm op"]
[Site "Stockholm"]
[Date "2016.08.21"]
[Round "9"]
[White "Hund, Barbara"]
[Black "Belokon, Artour"]
[Result "1/2-1/2"]
[WhiteElo "2129"]
[BlackElo "1961"]
[PlyCount "22"]
[EventDate "2016.08.15"]
[EventType "swiss"]
[EventRounds "9"]
[EventCountry "SWE"]
[SourceTitle "EXT 2017"]
[Source "ChessBase"]
[SourceDate "2016.10.25"]
[SourceVersion "1"]
[SourceVersionDate "2016.10.25"]
[SourceQuality "1"]

1. e4 e6 2. d4 d5 3. Nc3 Nf6 4. e5 Nfd7 5. Nce2 c5 6. f4 Nc6 7. Nf3 b6 8. c3 Ba6 9. g3 Be7 10. Bh3 g6 11. 0-0 Qc7 1/2-1/2

[Event "Olympiad Women-41"]
[Site "Tromsoe"]
[Date "2014.08.02"]
[Round "1.1"]
[White "Hund, Barbara"]
[Black "Mwango, Lorita"]
[Result "1-0"]
[WhiteElo "2153"]
[BlackElo "1874"]
[PlyCount "61"]
[EventDate "2014.08.02"]
[EventType "team-swiss"]
[EventRounds "11"]
[EventCountry "NOR"]
[SourceTitle "CBM 162"]
[Source "ChessBase"]
[SourceDate "2014.09.17"]
[SourceVersion "1"]
[SourceVersionDate "2014.09.17"]
[SourceQuality "1"]
[WhiteTeam "Switzerland (W)"]
[BlackTeam "Zambia (W)"]
[WhiteTeamCountry "SUI"]
[BlackTeamCountry "ZAM"]

1. e4 e6 2. d4 g6 3. Be3 Bg7 4. Nc3 Ne7 5. Qd2 d5 6. f3 Nbc6 7. 0-0-0 a6 8. Nge2 h5 9. h4 Na7 10. Nf4 c6 11. e5 Nf5 12. Bf2 Bh6 13. g4 hxg4 14. fxg4 Ng7 15. Be3 Qe7 16. Be2 Bxf4 17. Bxf4 b5 18. Bg5 Qf8 19. Rdf1 Rb8 20. Bd3 Qg8 21. Ne2 b4 22. Ng3 a5 23. Bf6 Rh7 24. h5 Kd7 25. hxg6 Rxh1 26. Rxh1 Kc7 27. gxf7 Qxf7 28. Rh7 Kb6 29. Rxg7 Qf8 30. Qg5 Nb5 31. Be7 1-0

[Event "Bad Ragaz op 8th"]
[Site "Bad Ragaz"]
[Date "2013.03.30"]
[Round "4"]
[White "Hund, Barbara"]
[Black "Bardone, Lorenzo"]
[Result "1-0"]
[WhiteElo "2187"]
[BlackElo "1959"]
[PlyCount "61"]
[EventDate "2013.03.28"]
[EventType "swiss"]
[EventRounds "7"]
[EventCountry "SUI"]
[SourceTitle "CBM 153 Extra"]
[Source "ChessBase"]
[SourceDate "2013.04.22"]
[SourceVersion "1"]
[SourceVersionDate "2013.04.22"]
[SourceQuality "1"]

1. e4 c5 2. Nc3 Nc6 3. f4 e6 4. Nf3 Nge7 5. e5 d5 6. exd6 Nf5 7. Bb5 Bxd6 8. Bxc6+ bxc6 9. d3 0-0 10. Ne4 Rb8 11. Nxd6 Qxd6 12. b3 Ba6 13. 0-0 Rfd8 14. Qd2 f6 15. Ba3 Qd5 16. Qa5 Rb6 17. Qxc5 Rb7 18. Rae1 Kf7 19. Qf2 Qa5 20. Bc5 Rdd7 21. g4 Nh6 22. h3 Rd5 23. b4 Rxb4 24. Bxb4 Qxb4 25. Qxa7+ Qb7 26. Qxb7+ Bxb7 27. Rb1 Ba6 28. Rb6 Ra5 29. Rxc6 Rxa2 30. Rc7+ Kf8 31. Rb1 1-0

[Event "Baden-Elsass m"]
[Site "Endingen"]
[Date "2012.09.16"]
[Round "1.12"]
[White "Hund, Barbara"]
[Black "Schwicker, Francois"]
[Result "0-1"]
[WhiteElo "2211"]
[BlackElo "2195"]
[PlyCount "54"]
[EventDate "2012.09.16"]
[EventType "team-match"]
[EventRounds "1"]
[EventCountry "GER"]
[SourceTitle "EXT 2013"]
[Source "ChessBase"]
[SourceDate "2012.11.22"]
[SourceVersion "1"]
[SourceVersionDate "2012.11.22"]
[SourceQuality "1"]
[WhiteTeam "Baden"]
[BlackTeam "Elsass"]
[WhiteTeamCountry "GER"]
[BlackTeamCountry "FRA"]

1. e4 e5 2. Bc4 Nf6 3. d3 d5 4. exd5 Nxd5 5. Nf3 Nc6 6. 0-0 Bg4 7. h3 Bh5 8. Re1 Be7 9. g4 Bg6 10. Nxe5 Nxe5 11. Rxe5 Nb6 12. Qe1 Kf8 13. Be3 f6 14. Rb5 c6 15. Rb3 h5 16. Qe2 hxg4 17. hxg4 Qc7 18. f4 Nxc4 19. Nd2 Nxe3 20. Qxe3 Re8 21. Rf1 Rh4 22. Qf3 Bc5+ 23. d4 Bxd4+ 24. Kg2 f5 25. gxf5 Bxf5 26. Rd3 Rg4+ 27. Kh1 Qd6 0-1

[Event "Olympiad Women-40"]
[Site "Istanbul"]
[Date "2012.09.04"]
[Round "7.1"]
[White "Hund, Barbara"]
[Black "Ozturk Orenli, Kubra"]
[Result "1/2-1/2"]
[WhiteElo "2211"]
[BlackElo "2294"]
[PlyCount "84"]
[EventDate "2012.08.28"]
[EventType "team-swiss"]
[EventRounds "11"]
[EventCountry "TUR"]
[SourceTitle "CBM 150 Extra"]
[Source "ChessBase"]
[SourceDate "2012.10.19"]
[SourceVersion "1"]
[SourceVersionDate "2012.10.19"]
[SourceQuality "1"]
[WhiteTeam "Switzerland (W)"]
[BlackTeam "Turkey (W)"]
[WhiteTeamCountry "SUI"]
[BlackTeamCountry "TUR"]

1. e4 e5 2. Bc4 Nf6 3. d3 c6 4. Nf3 Be7 5. 0-0 d6 6. Nbd2 0-0 7. Bb3 Nbd7 8. c3 Nc5 9. Bc2 Bg4 10. h3 Bh5 11. Re1 Qc7 12. Nf1 Rfe8 13. Ng3 Bxf3 14. Qxf3 Ne6 15. Nf5 Bf8 16. Bb3 Kh8 17. Be3 a5 18. a3 b5 19. h4 Qd7 20. h5 Ng8 21. d4 Rad8 22. d5 cxd5 23. Bxd5 g6 24. Ng3 Rb8 25. Red1 Qe7 26. b4 a4 27. c4 bxc4 28. Bxc4 Rec8 29. Rac1 Bh6 30. hxg6 hxg6 31. Bxe6 Qxe6 32. Bxh6 Nxh6 33. Qd3 Kg7 34. Ne2 f6 35. Rxc8 Rxc8 36. f3 Nf7 37. Nc3 Qb3 38. Nd5 Qa2 39. Ne3 Qb2 40. Nc4 Qa2 41. Ne3 Qb2 42. Nc4 Qa2 1/2-1/2

[Event "Verbandsliga Sued Baden 1011"]
[Site "Baden"]
[Date "2011.04.17"]
[Round "9.4"]
[White "Jud, Marc"]
[Black "Hund, Barbara"]
[Result "1/2-1/2"]
[WhiteElo "1987"]
[BlackElo "2224"]
[PlyCount "70"]
[EventDate "2010.10.17"]
[EventType "team-tourn"]
[EventRounds "9"]
[EventCountry "GER"]
[SourceTitle "EXT 2012"]
[Source "ChessBase"]
[SourceDate "2011.11.24"]
[SourceVersion "1"]
[SourceVersionDate "2011.11.24"]
[SourceQuality "1"]
[WhiteTeam "Horben"]
[BlackTeam "Zaehringen"]
[WhiteTeamCountry "GER"]
[BlackTeamCountry "GER"]

1. e4 e5 2. Nf3 Nc6 3. Bb5 a6 4. Ba4 Nf6 5. 0-0 b5 6. Bb3 Be7 7. Re1 0-0 8. c3 d5 9. exd5 Nxd5 10. d3 Bg4 11. Be3 Kh8 12. a3 f5 13. c4 Nxe3 14. fxe3 Na5 15. cxb5 axb5 16. Bc2 c5 17. Nc3 b4 18. axb4 cxb4 19. Ne2 Bxf3 20. gxf3 Qd5 21. Nc1 Ra6 22. Kh1 Bh4 23. e4 Qc5 24. Rg1 Rc6 25. Nb3 Nxb3 26. Bxb3 Bf2 27. Rf1 Be3 28. Qe2 f4 29. Bc4 Rcc8 30. Ra6 Ra8 31. Rfa1 Rxa6 32. Rxa6 Qd4 33. b3 Qc3 34. Qd1 Qb2 35. Ra4 Qc3 1/2-1/2

[Event "Verbandsliga Sued Baden 1011"]
[Site "Baden"]
[Date "2010.12.12"]
[Round "4.1"]
[White "Petermann, Michail"]
[Black "Hund, Barbara"]
[Result "1-0"]
[WhiteElo "2133"]
[BlackElo "2224"]
[PlyCount "71"]
[EventDate "2010.10.17"]
[EventType "team-tourn"]
[EventRounds "9"]
[EventCountry "GER"]
[SourceTitle "EXT 2012"]
[Source "ChessBase"]
[SourceDate "2011.11.24"]
[SourceVersion "1"]
[SourceVersionDate "2011.11.24"]
[SourceQuality "1"]
[WhiteTeam "Baden-Baden IV"]
[BlackTeam "Zaehringen II"]
[WhiteTeamCountry "GER"]
[BlackTeamCountry "GER"]

1. e4 e5 2. Nf3 Nc6 3. d4 exd4 4. Bc4 Nf6 5. e5 d5 6. Bb5 Ne4 7. Nxd4 Bd7 8. Bxc6 bxc6 9. 0-0 Bc5 10. f3 Ng5 11. f4 Ne4 12. Be3 0-0 13. Nd2 f6 14. Nxe4 dxe4 15. Qe2 Qe7 16. Qc4+ Kh8 17. Rae1 Bxd4 18. Bxd4 f5 19. Rd1 Qe6 20. Qc3 Rfd8 21. b3 a6 22. Qa5 Rdc8 23. Be3 Be8 24. a4 Bh5 25. Rd4 h6 26. Rf2 Qe7 27. Rfd2 Qh4 28. g3 Qe7 29. Rd7 Qa3 30. Qc3 Be8 31. Bc5 Qa2 32. e6 Bxd7 33. Rxd7 Rg8 34. Bd4 Rad8 35. Bxg7+ Kh7 36. Qf6 1-0

[Event "Oberliga Baden 0809"]
[Site "Germany"]
[Date "2008.11.30"]
[Round "3.3"]
[White "Genzling, Alain"]
[Black "Hund, Barbara"]
[Result "1-0"]
[WhiteElo "2335"]
[BlackElo "2216"]
[PlyCount "145"]
[EventDate "2008.10.05"]
[EventType "team-tourn"]
[EventRounds "9"]
[EventCountry "GER"]
[SourceTitle "EXT 2010"]
[Source "ChessBase"]
[SourceDate "2010.11.25"]
[SourceVersion "1"]
[SourceVersionDate "2010.11.25"]
[SourceQuality "1"]
[WhiteTeam "Baden-Baden III"]
[BlackTeam "Zaehringen"]
[WhiteTeamCountry "GER"]
[BlackTeamCountry "GER"]

1. e4 e5 2. Bc4 Nc6 3. Nc3 Bc5 4. Qg4 g6 5. Qg3 d6 6. d3 Be6 7. Bg5 Qd7 8. Nd5 Bxd5 9. Bxd5 Bb6 10. c3 Nd8 11. Ne2 c6 12. Bb3 Ne6 13. Be3 Nf6 14. a4 Bd8 15. Bh6 Ng8 16. Bxe6 fxe6 17. Be3 Nf6 18. h4 Nh5 19. Qh2 Rf8 20. g4 Nf6 21. f3 Bb6 22. Bh6 Rf7 23. a5 Bc7 24. Be3 a6 25. 0-0 0-0-0 26. Ng3 d5 27. Bg5 Rdf8 28. Qe2 Ng8 29. Kg2 h6 30. Be3 Qd8 31. Bc5 Re8 32. b4 Rd7 33. Rad1 Qxh4 34. Rb1 Qd8 35. Rb2 h5 36. c4 b5 37. axb6 Bxb6 38. Ra1 Ra7 39. Bxb6 Qxb6 40. b5 axb5 41. Rxa7 Qxa7 42. cxb5 h4 43. Nh1 Kd7 44. bxc6+ Kxc6 45. d4 Rb8 46. exd5+ exd5 47. Rc2+ Kd7 48. Qxe5 Ne7 49. Re2 Re8 50. Qe6+ Kd8 51. Qf6 Kd7 52. Nf2 Qc7 53. Qxh4 Qc4 54. Rd2 Qc3 55. Rd3 Qe1 56. Rd1 Qe3 57. Qf6 Rc8 58. Ra1 Rc6 59. Ra7+ Rc7 60. Ra6 Rc6 61. Ra7+ Rc7 62. Rxc7+ Kxc7 63. Ne4 Qe2+ 64. Kg3 Qe1+ 65. Kf4 Qc1+ 66. Ke5 Nc6+ 67. Kxd5 Nb4+ 68. Ke5 Nc6+ 69. Ke6 Qc4+ 70. d5 Nd8+ 71. Ke5 Nb7 72. Qe7+ Kb8 73. Qxb7+ 1-0

[Event "Olympiad Women-38"]
[Site "Dresden"]
[Date "2008.11.25"]
[Round "11"]
[White "Stojanovic, Marija R"]
[Black "Hund, Barbara"]
[Result "1/2-1/2"]
[WhiteElo "2199"]
[BlackElo "2216"]
[PlyCount "72"]
[EventDate "2008.11.13"]
[EventType "team-swiss"]
[EventRounds "11"]
[EventCountry "GER"]
[SourceTitle "CBM 128"]
[Source "ChessBase"]
[SourceDate "2009.01.28"]
[SourceVersion "1"]
[SourceVersionDate "2009.01.28"]
[SourceQuality "1"]
[WhiteTeam "Montenegro (W)"]
[BlackTeam "Switzerland (W)"]
[WhiteTeamCountry "MNE"]
[BlackTeamCountry "SUI"]

1. e4 e5 2. Nf3 Nc6 3. Bb5 a6 4. Ba4 Nf6 5. d3 d6 6. c3 b5 7. Bc2 Be7 8. h3 d5 9. exd5 Nxd5 10. 0-0 0-0 11. Re1 Bf6 12. Nbd2 Bf5 13. Ne4 h6 14. d4 exd4 15. Nxf6+ Qxf6 16. Bxf5 Qxf5 17. Nxd4 Nxd4 18. Qxd4 c6 19. Qe4 Qxe4 20. Rxe4 Rfe8 21. Rxe8+ Rxe8 22. Kf1 f5 23. Bd2 Rd8 24. Ke2 Nb6 25. b3 Kf7 26. g4 fxg4 27. hxg4 Re8+ 28. Kf3 Nd7 29. Be3 Rd8 30. Rg1 Nf8 31. Ke2 Ne6 32. Ra1 Re8 33. Kd3 Rd8+ 34. Ke2 Re8 35. Kd3 Rd8+ 36. Ke2 Re8 1/2-1/2